<?xml version="1.0" encoding="UTF-8"?>
<marc:record xmlns:marc="http://www.loc.gov/MARC21/slim">
   <marc:leader>00000nam a2200000 a 4500</marc:leader>
   <marc:datafield ind1="1" ind2=" " tag="100">
      <marc:subfield code="a">Nöstlinger, Christine</marc:subfield>
      <marc:subfield code="4">aut</marc:subfield>
      <marc:subfield code="e">Verfasser/-in</marc:subfield>
   </marc:datafield>
   <marc:datafield ind1="0" ind2="0" tag="245">
      <marc:subfield code="a">Mini</marc:subfield>
   </marc:datafield>
   <marc:datafield ind1="0" ind2="0" tag="245">
      <marc:subfield code="b">wird zum Meier</marc:subfield>
   </marc:datafield>
   <marc:datafield ind1=" " ind2="1" tag="264">
      <marc:subfield code="b">Dachs-Verl.</marc:subfield>
   </marc:datafield>
   <marc:datafield ind1="1" ind2=" " tag="520">
      <marc:subfield code="a">Die Mini geht gern in die schule, aber sie ginge noch viel lieber, würde die Cornelia nicht immer über sie spotten und sie lange Latte nennen, wo doch der Meier ebenso groß und dünn idt wie die Mini. Aber über den Meier spottet die Corbnelia nie weil sie nämlich in ihn verliebt ist das große Kostümfest, zu dem die halbe Klasse geladen ist, bringt shließlich Maxi, Minis kluge Freundinm auf eine Idee, wie man der spottlustigen Cornelia ein für alle mal den Mund stopfen könnte. </marc:subfield>
   </marc:datafield>
   <marc:datafield ind1=" " ind2=" " tag="020">
      <marc:subfield code="a">9783900763831</marc:subfield>
      <marc:subfield code="9">9783900763831</marc:subfield>
   </marc:datafield>
</marc:record>
